| 000 | 00681nam a22002417a 4500 | ||
|---|---|---|---|
| 001 | 32442 | ||
| 003 | UA-OsUOA | ||
| 005 | 20220703205940.0 | ||
| 007 | ta | ||
| 008 | 20050202b un ||||| |||| 00| 0 ukr d | ||
| 040 |
_aUA-OsUOA _brus _cUA-OsUOA _dUA-OsUOA |
||
| 041 | _arus | ||
| 044 | _aRU | ||
| 080 | _a821.133.1 | ||
| 090 |
_a821.133.1 _bМ76 |
||
| 100 | _aМольер Ж.-Б. | ||
| 245 |
_aКомедии _cЖан-Батист Мольер ; вступ. статья Г. Бояджиев |
||
| 260 |
_aМосква _bХудожественная литература _c1972 |
||
| 300 |
_a664 с. _bІлюстрації |
||
| 650 | 7 | _2UDC | |
| 942 |
_cBK _2udc |
||
| 955 | _a0 | ||
| 999 |
_c318886 _d318886 |
||